000 01098nam0a22003251 4500
001 rc\357384
005 20250621043902.0
010 _a5-88550-021-5
_925000
035 _a(NLR Aleph) 005577362
090 _a6075608
_c6075608
100 _a20030307d1989 |||y0rusy50 ca
101 0 _arus
_amol
102 _aRU
105 _ay |||||||||
200 1 _aМолдавско-русский словарь
_fИ.И. Ецко, Т.В. Урсу, Т.Ф. Челак
_gРед. Т.Ф. Челак
210 _aКишинев
_cГл. ред. Молд. сов. энцикл.
_d1989
215 _a575 с.
_d25
300 _aЗагл. также: молд.
300 _aНа пер. авт. не указаны
320 _aБиблиогр.: с. 19-20 (28 назв.)
700 1 _aЕцко
_bИ.И.
_gИван Иванович
701 1 _aУрсу
_bТ.В.
_gТамара В.
701 1 _aЧелак
_bТ.Ф.
_gТатьяна Федоровна
801 0 _aRU
_bNLR
_gpsbo
801 1 _aRU
_bELAR
_2rusmarc
852 _aNLR
_bОНЛ
852 _aNLR
_jОНЛ
942 _cBOOK
980 _aNB